[Event "NCA-ch sf"]
[Site "Managua"]
[Date "2023.02.04"]
[Round "4.1"]
[White "Galeano Cabrales, Omar Emilio"]
[Black "Granados Ortiz, Fidel"]
[Result "0-1"]
[WhiteElo "1917"]
[BlackElo "1992"]
[PlyCount "82"]
[EventDate "2023.01.28"]
[EventType "swiss"]
[EventRounds "9"]
[EventCountry "NCA"]
[SourceTitle "CBM 213 Extra"]
[Source "ChessBase"]
[SourceDate "2023.05.31"]
[SourceVersion "1"]
[SourceVersionDate "2023.05.31"]
[SourceQuality "1"]

1. e4 Nf6 2. e5 Nd5 3. d4 d6 4. Nf3 Bg4 5. e6 fxe6 6. c4 Nf6 7. Be3 Nc6 8. Be2 Qd7 9. Nbd2 Nd8 10. h3 Bf5 11. Nh4 Nf7 12. g4 g5 13. Nhf3 Be4 14. Nxe4 Nxe4 15. Bd3 d5 16. Qc2 0-0-0 17. Bxe4 dxe4 18. Qxe4 Bg7 19. 0-0-0 Bf6 20. Kb1 Kb8 21. h4 h6 22. hxg5 hxg5 23. Rxh8 Rxh8 24. Qg6 Qc6 25. Nd2 Nd6 26. c5 Nc8 27. Ne4 Rh4 28. f3 Rh3 29. Bxg5 Rxf3 30. Nxf6 exf6 31. Bxf6 a5 32. Be5 Ne7 33. Qc2 Nd5 34. Rg1 Nb4 35. Qe2 Qd5 36. b3 a4 37. g5 axb3 38. g6 bxa2+ 39. Ka1 Qb3 40. Rc1 Rc3 41. Bxc7+ Kc8 0-1

[Event "NCA-chT final"]
[Site "Managua"]
[Date "2021.10.24"]
[Round "6.3"]
[White "Flores, Manuel"]
[Black "Galeano Cabrales, Omar Emilio"]
[Result "1-0"]
[WhiteElo "1941"]
[BlackElo "1924"]
[PlyCount "53"]
[EventDate "2021.10.16"]
[EventType "team-tourn"]
[EventRounds "11"]
[EventCountry "NCA"]
[SourceTitle "EXT 2023"]
[Source "ChessBase"]
[SourceDate "2022.10.05"]
[SourceVersion "1"]
[SourceVersionDate "2022.10.05"]
[SourceQuality "1"]
[WhiteTeam "Jane Allen's Knights "]
[BlackTeam "Universidad de Ingenieria"]
[WhiteTeamCountry "NCA"]
[BlackTeamCountry "NCA"]

1. d4 Nf6 2. c4 g6 3. Nc3 Bg7 4. e4 d6 5. h3 0-0 6. Nf3 e5 7. dxe5 dxe5 8. Bg5 c6 9. Be2 Qc7 10. 0-0 Na6 11. Qc2 Nc5 12. Rad1 a5 13. Rfe1 h6 14. Be3 Ne6 15. c5 Nh5 16. Na4 Nef4 17. Nb6 Rb8 18. Kh2 f5 19. Nxc8 Rbxc8 20. Bc4+ Kh8 21. g3 fxe4 22. Qxe4 Rce8 23. Bxf4 exf4 24. Qxg6 fxg3+ 25. fxg3 Rxe1 26. Rxe1 Rxf3 27. Re8+ 1-0

[Event "NCA-ch U20"]
[Site "Managua"]
[Date "2021.07.04"]
[Round "7"]
[White "Galeano Cabrales, Omar Emilio"]
[Black "Escobar, Edgar Antonio"]
[Result "0-1"]
[WhiteElo "1945"]
[BlackElo "1977"]
[PlyCount "117"]
[EventDate "2021.06.26"]
[EventType "swiss"]
[EventRounds "9"]
[EventCountry "NCA"]
[SourceTitle "EXT 2022"]
[Source "ChessBase"]
[SourceDate "2021.10.06"]
[SourceVersion "1"]
[SourceVersionDate "2021.10.06"]
[SourceQuality "1"]

1. e4 e5 2. Nf3 Nc6 3. Bb5 a6 4. Ba4 Nf6 5. d3 b5 6. Bb3 Be7 7. Nbd2 d6 8. c3 0-0 9. 0-0 Nb8 10. d4 Nbd7 11. Re1 Bb7 12. Bc2 Re8 13. Nf1 Bf8 14. Ng3 g6 15. Bg5 h6 16. Bd2 c5 17. d5 c4 18. h3 Qb6 19. Nh2 h5 20. Be3 Qc7 21. Qd2 Nc5 22. h4 Bc8 23. b4 cxb3 24. axb3 Bd7 25. Rec1 a5 26. b4 Na4 27. c4 axb4 28. Qxb4 Qxc4 29. Qxc4 bxc4 30. Bxa4 Rxa4 31. Rxa4 Bxa4 32. Rxc4 Ra8 33. Nf3 Bb5 34. Rc1 Ng4 35. Bd2 Be7 36. Bg5 Bxg5 37. Nxg5 Ra2 38. Nh3 Bd3 39. f3 Ne3 40. Nf2 Bc4 41. Rc3 Ra1+ 42. Kh2 Re1 43. Nd1 Rxd1 44. Rxe3 Bd3 45. Nh1 Rd2 46. Nf2 Rxf2 47. Rxd3 f5 48. Kg1 Ra2 49. Rb3 fxe4 50. fxe4 Ra4 51. Rb6 Rxe4 52. Rxd6 Kf7 53. Re6 Rxh4 54. Rxe5 Rd4 55. Kh2 Kf6 56. Re8 Rxd5 57. Rf8+ Kg5 58. Rf3 Rd4 59. Ra3 0-1

[Event "NCA-chT Final"]
[Site "Managua"]
[Date "2020.11.01"]
[Round "9.4"]
[White "Galeano Cabrales, Omar Emilio"]
[Black "Ialovoi, Thomas"]
[Result "1/2-1/2"]
[WhiteElo "1996"]
[BlackElo "1829"]
[PlyCount "67"]
[EventDate "2020.10.24"]
[EventType "team-tourn"]
[EventRounds "11"]
[EventCountry "NCA"]
[SourceTitle "EXT 2022"]
[Source "ChessBase"]
[SourceDate "2021.10.06"]
[SourceVersion "1"]
[SourceVersionDate "2021.10.06"]
[SourceQuality "1"]

1. e4 c5 2. Nf3 d6 3. d4 cxd4 4. Nxd4 Nf6 5. Nc3 a6 6. h3 b5 7. a3 Bb7 8. Qe2 Nbd7 9. g4 Nc5 10. Bg2 e5 11. Nf5 g6 12. Ng3 h5 13. Bg5 hxg4 14. h4 Be7 15. h5 Nxh5 16. Bxe7 Qxe7 17. Qxg4 Qf6 18. Nxh5 gxh5 19. Rxh5 Rxh5 20. Qxh5 0-0-0 21. 0-0-0 Qxf2 22. Qh3+ Kb8 23. Rf1 Qd4 24. Rxf7 Bxe4 25. Qh4 Qg1+ 26. Rf1 Qe3+ 27. Kb1 Bxc2+ 28. Ka1 Rc8 29. Qe7 e4 30. Qxd6+ Ka8 31. Nxe4 Nb3+ 32. Ka2 Nc1+ 33. Ka1 Nb3+ 34. Ka2 1/2-1/2

[Event "NCA-chT Final"]
[Site "Managua"]
[Date "2020.10.31"]
[Round "6.4"]
[White "Castillo Sevilla, Ian Eiffel"]
[Black "Galeano Cabrales, Omar Emilio"]
[Result "1-0"]
[WhiteElo "2006"]
[BlackElo "1996"]
[PlyCount "103"]
[EventDate "2020.10.24"]
[EventType "team-tourn"]
[EventRounds "11"]
[EventCountry "NCA"]
[SourceTitle "EXT 2022"]
[Source "ChessBase"]
[SourceDate "2021.10.06"]
[SourceVersion "1"]
[SourceVersionDate "2021.10.06"]
[SourceQuality "1"]

1. d4 Nf6 2. Bf4 g6 3. Nc3 d5 4. Nf3 c6 5. e3 b5 6. Bd3 Nbd7 7. h3 Nb6 8. 0-0 b4 9. Ne2 a5 10. Ne5 Bb7 11. c4 dxc4 12. Nxc4 Nbd5 13. Bh2 Bg7 14. Rc1 0-0 15. Ne5 Qb6 16. Qa4 b3 17. a3 Bh6 18. Kh1 Rfc8 19. Rc5 e6 20. Nc4 Qd8 21. Nd6 Rcb8 22. Nxb7 Rxb7 23. Rfc1 Ne7 24. R5c3 Qb6 25. Bd6 Nfd5 26. Rc5 Qd8 27. Bxe7 Qxe7 28. Rxa5 Rab8 29. Ra8 Qh4 30. Rxb8+ Rxb8 31. Rf1 c5 32. Qa7 Rc8 33. dxc5 Bf8 34. Qb7 Rxc5 35. Qxb3 Bd6 36. Nd4 Nxe3 37. fxe3 Qg3 38. Nf3 Rg5 39. Qc2 Bc7 40. Qf2 Qd6 41. e4 Rh5 42. Bc4 g5 43. e5 Qc6 44. Nxg5 Rxg5 45. Qxf7+ Kh8 46. Qf8+ Rg8 47. Qf6+ Rg7 48. Rf3 Qe4 49. Qf8+ Rg8 50. Qf6+ Rg7 51. Qxe6 Qa8 52. Qf6 1-0

[Event "NCA-ch sf"]
[Site "Managua"]
[Date "2020.02.22"]
[Round "7"]
[White "Pilarte, Rene"]
[Black "Galeano Cabrales, Omar Emilio"]
[Result "1-0"]
[WhiteElo "2108"]
[BlackElo "2025"]
[PlyCount "87"]
[EventDate "2020.02.08"]
[EventType "swiss"]
[EventRounds "9"]
[EventCountry "NCA"]
[SourceTitle "EXT 2021"]
[Source "ChessBase"]
[SourceDate "2020.10.23"]
[SourceVersion "1"]
[SourceVersionDate "2020.10.23"]
[SourceQuality "1"]

1. d4 Nf6 2. c4 g6 3. Nc3 Bg7 4. e4 d6 5. Nf3 0-0 6. Be2 e5 7. 0-0 Nc6 8. Be3 exd4 9. Nxd4 Nxd4 10. Bxd4 Re8 11. Qd3 Qe7 12. Rfe1 Bd7 13. Rad1 Bc6 14. Bf3 Nd7 15. Bxg7 Kxg7 16. Nd5 Bxd5 17. cxd5 Ne5 18. Qc3 h5 19. Be2 Qf6 20. Qxc7 Rac8 21. Qxb7 Rc2 22. Qxa7 Rxb2 23. Qe3 g5 24. Rd2 Reb8 25. Rxb2 Rxb2 26. a4 Ra2 27. Bxh5 Rxa4 28. h3 Ra2 29. Rf1 Qh6 30. Bg4 Qh4 31. Bf5 Qh5 32. Qg3 Kf8 33. Qb3 Qe2 34. Qb8+ Kg7 35. Qxd6 Nc4 36. Qg3 Kf6 37. h4 gxh4 38. Qxh4+ Ke5 39. Qg3+ Kf6 40. Rc1 Ra3 41. Qh4+ Ke5 42. Qe7+ Kf4 43. g3+ Kf3 44. Bg4+ 1-0

[Event "NCA-ch sf"]
[Site "Managua"]
[Date "2020.02.16"]
[Round "6"]
[White "Galeano Cabrales, Omar Emilio"]
[Black "Arevalo Lopez, Josue"]
[Result "1/2-1/2"]
[WhiteElo "2025"]
[BlackElo "2006"]
[PlyCount "104"]
[EventDate "2020.02.08"]
[EventType "swiss"]
[EventRounds "9"]
[EventCountry "NCA"]
[SourceTitle "EXT 2021"]
[Source "ChessBase"]
[SourceDate "2020.10.23"]
[SourceVersion "1"]
[SourceVersionDate "2020.10.23"]
[SourceQuality "1"]

1. e4 e5 2. Nf3 Nc6 3. d4 exd4 4. Nxd4 Bc5 5. Be3 Qf6 6. c3 Nge7 7. Qf3 Bxd4 8. cxd4 Qxf3 9. gxf3 d5 10. Nc3 Be6 11. Rc1 0-0-0 12. Bf4 Ng6 13. Bg3 f5 14. Bh3 Rhe8 15. exd5 Bd7+ 16. Kf1 Nxd4 17. Bxc7 Kxc7 18. Nb5+ Kb6 19. Nxd4 Nf4 20. Bxf5 Bxf5 21. Nxf5 Nd3 22. Rd1 Rxd5 23. Ne3 Rdd8 24. Rg1 g6 25. Rg5 Nf4 26. Rc1 a6 27. Rg4 Nd3 28. Rc3 Ka7 29. Rc7 Nxf2 30. Kxf2 Rd2+ 31. Kg3 Rxe3 32. Rb4 Ka8 33. Rcxb7 Rd8 34. Rxh7 Rf8 35. Rf4 Rxf4 36. Kxf4 Re2 37. Rg7 Rxh2 38. Rxg6 Kb7 39. Rg7+ Kc6 40. Rg6+ Kb7 41. a4 Rxb2 42. Re6 a5 43. Re4 Kc6 44. Ke5 Kd7 45. Kd5 Rf2 46. f4 Rb2 47. f5 Rf2 48. Ke5 Ke7 49. Rf4 Re2+ 50. Kd5 Kf6 51. Kc5 Rb2 52. Kc6 Rb4 1/2-1/2

[Event "NCA-ch sf"]
[Site "Managua"]
[Date "2020.02.15"]
[Round "4"]
[White "Alfaro Caracas, William"]
[Black "Galeano Cabrales, Omar Emilio"]
[Result "1-0"]
[WhiteElo "2103"]
[BlackElo "2025"]
[PlyCount "88"]
[EventDate "2020.02.08"]
[EventType "swiss"]
[EventRounds "9"]
[EventCountry "NCA"]
[SourceTitle "EXT 2021"]
[Source "ChessBase"]
[SourceDate "2020.10.23"]
[SourceVersion "1"]
[SourceVersionDate "2020.10.23"]
[SourceQuality "1"]

1. e4 c5 2. a3 Nc6 3. b4 e5 4. b5 Nd4 5. c3 Ne6 6. Bc4 Nf6 7. d3 b6 8. Nf3 Qc7 9. 0-0 Be7 10. Re1 Bb7 11. Nbd2 0-0 12. Nf1 Ne8 13. Ne3 Bf6 14. Nd5 Qd8 15. g3 Nd6 16. h4 h6 17. Nh2 Nxc4 18. dxc4 Be7 19. Qh5 d6 20. Ng4 Kh7 21. Bxh6 g6 22. Bxf8+ gxh5 23. Bxe7 Qb8 24. Ngf6+ Kg6 25. Rad1 Bxd5 26. Nxd5 Kg7 27. Ne3 Qb7 28. Nf5+ Kg6 29. Bxd6 f6 30. Ne7+ Kf7 31. Nd5 Re8 32. Rd3 Ng7 33. f4 exf4 34. Bxf4 Qc8 35. e5 fxe5 36. Bxe5 Nf5 37. Rf3 Kg6 38. Re4 Rf8 39. g4 hxg4 40. Rxg4+ Kh5 41. Nf6+ Rxf6 42. Rg5+ Kh6 43. Bxf6 Nxh4 44. Rf4 Qh3 1-0

[Event "NCA-ch sf"]
[Site "Managua"]
[Date "2020.02.09"]
[Round "2"]
[White "Espinoza, Felix"]
[Black "Galeano Cabrales, Omar Emilio"]
[Result "1/2-1/2"]
[WhiteElo "2174"]
[BlackElo "2025"]
[PlyCount "122"]
[EventDate "2020.02.08"]
[EventType "swiss"]
[EventRounds "9"]
[EventCountry "NCA"]
[SourceTitle "EXT 2021"]
[Source "ChessBase"]
[SourceDate "2020.10.23"]
[SourceVersion "1"]
[SourceVersionDate "2020.10.23"]
[SourceQuality "1"]

1. e4 c5 2. Nf3 Nc6 3. d4 cxd4 4. Nxd4 g6 5. Nc3 Bg7 6. Be3 Nf6 7. Bc4 0-0 8. Bb3 a5 9. a4 Ng4 10. Qxg4 Nxd4 11. Qd1 Nxb3 12. cxb3 d6 13. Bd4 Bh6 14. Nd5 f5 15. exf5 Rxf5 16. Ne3 Rf7 17. 0-0 Bd7 18. Qd3 e5 19. Bc3 Bc6 20. Rad1 Qh4 21. Qc4 Bf4 22. g3 Qh3 23. Nd5 Re8 24. Rfe1 Re6 25. Qf1 Qh5 26. gxf4 exf4 27. Rxe6 Qg4+ 28. Qg2 Qxd1+ 29. Re1 Qxb3 30. Qg5 Qxd5 31. Re8+ Rf8 32. Qxd5+ Bxd5 33. Re7 Rf5 34. Rg7+ Kf8 35. Rxh7 Bc6 36. Kf1 f3 37. Ke1 Rd5 38. Bd2 Rd4 39. Bxa5 Bxa4 40. Bd2 b5 41. Rc7 Rh4 42. Rc3 Rh3 43. Bf4 Rh4 44. Bxd6+ Ke8 45. b3 Re4+ 46. Kd2 Rd4+ 47. Rd3 Rxd3+ 48. Kxd3 Bxb3 49. Kd4 Kd7 50. Ke5 g5 51. Bb4 g4 52. Bd2 Kc6 53. Kf5 Kd5 54. Kxg4 Ke4 55. h4 Kd3 56. Ba5 Ke2 57. Bb6 Be6+ 58. Kg5 b4 59. h5 b3 60. Bd4 Bc4 61. h6 Bd3 1/2-1/2

[Event "NCA-chT final"]
[Site "Managua"]
[Date "2019.11.16"]
[Round "9.3"]
[White "Galeano Cabrales, Omar Emilio"]
[Black "Gomez Baltodano, David"]
[Result "1-0"]
[WhiteElo "1785"]
[BlackElo "1828"]
[PlyCount "109"]
[EventDate "2019.10.26"]
[EventType "team-tourn"]
[EventRounds "11"]
[EventCountry "NCA"]
[SourceTitle "EXT 2021"]
[Source "ChessBase"]
[SourceDate "2020.10.23"]
[SourceVersion "1"]
[SourceVersionDate "2020.10.23"]
[SourceQuality "1"]
[WhiteTeam "Universidad de Ingenieria"]
[BlackTeam "Yader Cabrera"]
[WhiteTeamCountry "NCA"]
[BlackTeamCountry "NCA"]

1. e4 e6 2. b3 d5 3. Bb2 Nf6 4. e5 Nfd7 5. f4 c5 6. Nf3 Nc6 7. a3 Qc7 8. Bd3 c4 9. bxc4 dxc4 10. Bxc4 Ncxe5 11. Ba2 Nc4 12. Bd4 b5 13. 0-0 Bc5 14. Kh1 0-0 15. Bc3 Bb7 16. Qe2 a5 17. a4 Nd6 18. Ng5 Rae8 19. axb5 h6 20. Nh3 Nf5 21. Bc4 Nh4 22. d4 Bxg2+ 23. Kg1 Bxh3 24. dxc5 Bxf1 25. Kxf1 Qxf4+ 26. Kg1 Nxc5 27. Nd2 Rd8 28. Rf1 Qg5+ 29. Kh1 Nf5 30. Rg1 Qe7 31. Qe5 Qb7+ 32. Rg2 Rxd2 33. Bxd2 Nd7 34. Qc3 Nf6 35. Kg1 Ne4 36. Qxa5 Ra8 37. Qb4 Qb6+ 38. Kf1 Ra1+ 39. Ke2 Nh4 40. Be3 Qb7 41. Rxg7+ Kxg7 42. Qb2+ Kg6 43. Qxa1 Qc7 44. Qg1+ Ng5 45. Bd3+ f5 46. Qg3 Qxg3 47. hxg3 Nhf3 48. Bxg5 Nd4+ 49. Ke3 Nxb5 50. Bxh6 Nc7 51. Bf4 Nd5+ 52. Kd4 Kf6 53. c4 Ne7 54. Be5+ Kf7 55. Kc5 1-0

[Event "NCA-chT final"]
[Site "Managua"]
[Date "2019.10.27"]
[Round "2.2"]
[White "Galeano Cabrales, Omar Emilio"]
[Black "Cano, Carlos1111"]
[Result "1/2-1/2"]
[WhiteElo "1785"]
[BlackElo "2033"]
[PlyCount "152"]
[EventDate "2019.10.26"]
[EventType "team-tourn"]
[EventRounds "11"]
[EventCountry "NCA"]
[SourceTitle "EXT 2021"]
[Source "ChessBase"]
[SourceDate "2020.10.23"]
[SourceVersion "1"]
[SourceVersionDate "2020.10.23"]
[SourceQuality "1"]
[WhiteTeam "Universidad de Ingenieria"]
[BlackTeam "Jose Raul Capablanca"]
[WhiteTeamCountry "NCA"]
[BlackTeamCountry "NCA"]

1. e4 d6 2. d4 Nf6 3. Nc3 c6 4. Nf3 Bg4 5. h3 Bh5 6. Bg5 Qa5 7. Bd2 Qc7 8. Bd3 e5 9. dxe5 dxe5 10. Qe2 Be7 11. Nd1 Nbd7 12. Bc3 a5 13. a3 0-0 14. Ne3 Rfe8 15. Nf5 Bf8 16. g4 Bg6 17. Nh2 b5 18. Rd1 b4 19. axb4 axb4 20. Bd2 Nc5 21. Bc1 Ne6 22. 0-0 Nd4 23. Qe3 Bc5 24. Qg3 Nxe4 25. Qh4 Nf6 26. Nxg7 Kxg7 27. Bh6+ Kg8 28. Qxf6 Bf8 29. Bxf8 Kxf8 30. Bxg6 hxg6 31. Rfe1 Kg8 32. c3 Re6 33. Qh4 bxc3 34. bxc3 Nb5 35. g5 Nd6 36. Rxd6 Qxd6 37. Ng4 Ra5 38. Re4 Ra1+ 39. Kg2 Qd1 40. Rxe5 Qh1+ 41. Kg3 Rxe5 42. Nf6+ Kf8 43. Qh8+ Ke7 44. Qe8+ Kd6 45. Qd7+ Kc5 46. Qd4+ Kb5 47. Qxe5+ c5 48. Ne4 Qg1+ 49. Kh4 Kc4 50. Qxc5+ Kb3 51. Qd5+ Kc2 52. c4 Qe1 53. Kg4 Qe2+ 54. Kf4 Ra3 55. Qd4 Rf3+ 56. Ke5 Rf5+ 57. Kd6 Rf3 58. Kc6 Qd3 59. Qxd3+ Kxd3 60. Nd6 Kd4 61. c5 Rxh3 62. Nxf7 Rc3 63. Kd6 Rxc5 64. Ke7 Rf5 65. Kf8 Kd5 66. Kg7 Ke6 67. Nd8+ Ke7 68. Kxg6 Rxf2 69. Nc6+ Kf8 70. Nd4 Rg2 71. Ne6+ Kg8 72. Nf4 Rg1 73. Nh5 Ra1 74. Nf6+ Kh8 75. Kf7 Ra7+ 76. Kg6 Re7 1/2-1/2

[Event "NCA-chT final"]
[Site "Managua"]
[Date "2019.10.27"]
[Round "3.2"]
[White "Jimenez, Lester"]
[Black "Galeano Cabrales, Omar Emilio"]
[Result "1-0"]
[WhiteElo "1876"]
[BlackElo "1785"]
[PlyCount "51"]
[EventDate "2019.10.26"]
[EventType "team-tourn"]
[EventRounds "11"]
[EventCountry "NCA"]
[SourceTitle "EXT 2021"]
[Source "ChessBase"]
[SourceDate "2020.10.23"]
[SourceVersion "1"]
[SourceVersionDate "2020.10.23"]
[SourceQuality "1"]
[WhiteTeam "Nicaragua CC"]
[BlackTeam "Universidad de Ingenieria"]
[WhiteTeamCountry "NCA"]
[BlackTeamCountry "NCA"]

1. e4 c5 2. Nf3 Nc6 3. d3 Nf6 4. Nbd2 e6 5. g3 d5 6. Bg2 Be7 7. 0-0 0-0 8. Re1 b5 9. e5 Nd7 10. Nf1 Nb6 11. h4 d4 12. N1h2 Nd5 13. Ng4 Bd7 14. Qe2 Rc8 15. Ng5 Be8 16. Qe4 Bxg5 17. hxg5 Nce7 18. Nf6+ gxf6 19. gxf6 Ng6 20. Bg5 Kh8 21. Qg4 Rg8 22. Qh5 Bc6 23. Be4 c4 24. Qh2 Nb4 25. Kg2 cxd3 26. Qxh7+ 1-0

[Event "NCA-chT final"]
[Site "Managua"]
[Date "2019.10.26"]
[Round "1.2"]
[White "Galeano Cabrales, Omar Emilio"]
[Black "Salinas Barrera, Jovani Enrique"]
[Result "1-0"]
[WhiteElo "1785"]
[BlackElo "1575"]
[PlyCount "91"]
[EventDate "2019.10.26"]
[EventType "team-tourn"]
[EventRounds "11"]
[EventCountry "NCA"]
[SourceTitle "EXT 2021"]
[Source "ChessBase"]
[SourceDate "2020.10.23"]
[SourceVersion "1"]
[SourceVersionDate "2020.10.23"]
[SourceQuality "1"]
[WhiteTeam "Universidad de Ingenieria"]
[BlackTeam "Dominican Power"]
[WhiteTeamCountry "NCA"]
[BlackTeamCountry "NCA"]

1. e4 e5 2. Nf3 Nc6 3. Bc4 h6 4. d4 exd4 5. Nxd4 Bb4+ 6. c3 Ba5 7. Nxc6 bxc6 8. Qh5 d5 9. exd5 Qe7+ 10. Kd1 Nf6 11. Qe2 Qxe2+ 12. Bxe2 cxd5 13. Bb5+ Bd7 14. Re1+ Kd8 15. Bxd7 Kxd7 16. Bf4 Rae8 17. Nd2 Rxe1+ 18. Kxe1 Re8+ 19. Kf1 c6 20. Re1 Rxe1+ 21. Kxe1 Bc7 22. Bxc7 Kxc7 23. c4 Ng4 24. cxd5 cxd5 25. Ke2 Kd6 26. h3 Ne5 27. Ke3 Kc5 28. b3 g5 29. a3 a5 30. b4+ axb4 31. axb4+ Kd6 32. Nf3 f6 33. Nd4 Nc4+ 34. Kd3 Ke5 35. b5 h5 36. Nf3+ Ke6 37. Kd4 Kd6 38. h4 g4 39. Ne1 Ne5 40. Nc2 Nd7 41. Ne3 Nb6 42. Nf5+ Ke6 43. Ng7+ Kf7 44. Nxh5 Kg6 45. Nf4+ Kf5 46. Nxd5 1-0

[Event "NCA-chT fase1"]
[Site "Managua"]
[Date "2019.10.12"]
[Round "7.2"]
[White "Galeano Cabrales, Omar Emilio"]
[Black "Flores, Manuel"]
[Result "1/2-1/2"]
[WhiteElo "1679"]
[BlackElo "1952"]
[PlyCount "92"]
[EventDate "2019.09.28"]
[EventType "team-swiss"]
[EventRounds "9"]
[EventCountry "NCA"]
[SourceTitle "CBM 194 Extra"]
[Source "ChessBase"]
[SourceDate "2020.03.31"]
[SourceVersion "1"]
[SourceVersionDate "2020.03.31"]
[SourceQuality "1"]
[WhiteTeam "Universidad de Ingenieria"]
[BlackTeam "Jane Allens Knights"]
[WhiteTeamCountry "NCA"]
[BlackTeamCountry "NCA"]

1. e4 c5 2. Nf3 Nc6 3. d4 cxd4 4. Nxd4 e5 5. Nb5 d6 6. N1c3 a6 7. Na3 b5 8. Nd5 Nge7 9. c4 Nd4 10. Be3 Nxd5 11. cxd5 Qa5+ 12. Bd2 Qb6 13. Bc3 Be7 14. Bd3 0-0 15. Rc1 Bg5 16. Bxd4 Qxd4 17. Rc3 Bd7 18. Nc2 Qb6 19. Nb4 Rac8 20. a3 Rxc3 21. bxc3 Rc8 22. Qb3 a5 23. Na2 Qc5 24. Qb2 f5 25. 0-0 fxe4 26. Bxe4 Rf8 27. Qc2 h6 28. Nc1 Bxc1 29. Qxc1 Rc8 30. Qd1 Qxc3 31. Qh5 Qd2 32. h4 Rc1 33. g3 Rxf1+ 34. Kxf1 Qc1+ 35. Kg2 Qc8 36. Qg6 Qf8 37. h5 Qf6 38. Qh7+ Kf7 39. Qh8 Ke7 40. Qa8 Qg5 41. Bg6 Qd2 42. Qg8 b4 43. Qxg7+ Kd8 44. Qf8+ Kc7 45. Qf7 Kc8 46. Qf8+ Kc7 1/2-1/2

[Event "NCA-ch U20"]
[Site "Managua"]
[Date "2019.06.29"]
[Round "4.4"]
[White "Rodriguez Guerrero, Diana Michel"]
[Black "Galeano Cabrales, Omar Emilio"]
[Result "0-1"]
[WhiteElo "1392"]
[BlackElo "1625"]
[PlyCount "70"]
[EventDate "2019.06.22"]
[EventType "swiss"]
[EventRounds "9"]
[EventCountry "NCA"]
[SourceTitle "EXT 2024"]
[Source "ChessBase"]
[SourceDate "2023.10.10"]
[SourceVersion "1"]
[SourceVersionDate "2023.10.10"]
[SourceQuality "1"]

1. e4 c5 2. Nf3 Nc6 3. d4 cxd4 4. Nxd4 Nf6 5. Nc3 e5 6. Nxc6 bxc6 7. Bg5 Be7 8. Bc4 0-0 9. 0-0 Bb7 10. Re1 Qc7 11. Qe2 h6 12. Bh4 d6 13. Rad1 Rad8 14. f3 Rd7 15. Bf2 Bc8 16. b4 d5 17. exd5 Bxb4 18. d6 Qa5 19. Qxe5 Bxc3 20. Qxa5 Bxa5 21. Re7 Rxe7 22. dxe7 Re8 23. Bc5 Nd7 24. Bd6 Bb6+ 25. Kf1 g6 26. Re1 Nc5 27. Re5 Be6 28. Bxe6 Nxe6 29. Re1 Bc7 30. Bb4 c5 31. Bc3 Rxe7 32. Rd1 Bxh2 33. Bf6 Rb7 34. Kf2 Bc7 35. Rd7 Bg3+ 0-1